000 01549nam a2200313 a 4500
001 BRCA_2881
005 20190320204019.0
008 111208s1840----au-a---###---#000-0dger-u
041 _ager
044 _aau
084 _a284
_b.S26
_c1840
100 1 _aCervantes Saavedra, Miguel de
_d1547-1616
_9213
245 1 0 _aDer sinnreiche Junker Don Quixote von la Mancha
_cvon Miguel de Cervantes Saavedra.
260 _aViena (Austria)
_bRudolph Sammer
_c1840
300 _a2 v.
_bil.
_c20 cm.
500 _aContenido : v 1. Primera parte. Prólogo del traductor. Noticia sobre la vida de Cervantes. Prólogo del autor. Dedicatoria del autor. Texto. -- v 2. Segunda parte. Dedicatoria del autor. Prólogo del autor. Texto
500 _aEdición : Aus dem spanischen Übers. Durch Dietrich Wilhelm Soltau
500 _aReproducción de la edición del mismo traductor de 1837 (Soltau), adornada con los dibujos de Chodowiecki, grabados por Weinrauch. La impresión deja bastante que desear. Tela; lomeras decoradas con dorados Lúdovik Osterc
500 _aQM516
650 1 4 _aNovela española
_yÉpoca clásica, 1500-1700
_9215
650 1 4 _aLiteratura española
_yÉpoca clásica, 1500-1700
_9216
650 1 4 _aNovela española
_ySiglo XVII
_9217
650 1 4 _aDon Quijote (Personaje ficticio)
_eNovela
_9218
700 1 _aWilhelm Soltau, Dietrich
_d1745-1827
_eTraductor
_98036
700 1 _aChodowiecki, Daniel Nikolaus
_d1726-1801
_eIlustrador
_98037
740 0 _aEl Ingenioso Hidalgo Don Quijote de la Mancha
902 _aQFM
942 _2lcc
_cB
999 _c2620
_d2620